Contract law : (Record no. 25597)
[ view plain ]
| 000 -LEADER | |
|---|---|
| fixed length control field | 00971cam a22003015a 4500 |
| 001 - CONTROL NUMBER | |
| control field | 18864686 |
| 005 - DATE AND TIME OF LATEST TRANSACTION | |
| control field | 20171116140246.0 |
| 008 - FIXED-LENGTH DATA ELEMENTS--GENERAL INFORMATION | |
| fixed length control field | 151119t2016 enk frb 001 0 eng d |
| 010 ## - LIBRARY OF CONGRESS CONTROL NUMBER | |
| LC control number | 2015958002 |
| 020 ## - INTERNATIONAL STANDARD BOOK NUMBER | |
| International Standard Book Number | 9780198748397 (pbk.) |
| 020 ## - INTERNATIONAL STANDARD BOOK NUMBER | |
| International Standard Book Number | 0198748396 (pbk.) |
| 040 ## - CATALOGING SOURCE | |
| Original cataloging agency | DLC |
| Language of cataloging | eng |
| Transcribing agency | DLC |
| Modifying agency | EG-ScBUE |
| 043 ## - GEOGRAPHIC AREA CODE | |
| Geographic area code | e-uk-en |
| 082 04 - DEWEY DECIMAL CLASSIFICATION NUMBER | |
| Classification number | 346.42022 |
| Item number | MCK |
| Edition number | 22 |
| 100 1# - MAIN ENTRY--PERSONAL NAME | |
| Personal name | McKendrick, Ewan. |
| 9 (RLIN) | 39358 |
| 245 10 - TITLE STATEMENT | |
| Title | Contract law : |
| Remainder of title | text, cases, and materials / |
| Statement of responsibility, etc | Ewan McKendrick. |
| 250 ## - EDITION STATEMENT | |
| Edition statement | 7th ed. |
| 260 ## - PUBLICATION, DISTRIBUTION, ETC. (IMPRINT) | |
| Place of publication, distribution, etc | Oxford : |
| Name of publisher, distributor, etc | Oxford University Press, |
| Date of publication, distribution, etc | c.2016. |
| 300 ## - PHYSICAL DESCRIPTION | |
| Extent | xl, 1057 p. ; |
| Dimensions | 25 cm. |
| 500 ## - GENERAL NOTE | |
| General note | Includes Online resource center. |
| 504 ## - BIBLIOGRAPHY, ETC. NOTE | |
| Bibliography, etc | Includes bibliographical references and index. |
| 650 #7 - SUBJECT ADDED ENTRY--TOPICAL TERM | |
| Topical term or geographic name as entry element | Contracts |
| Geographic subdivision | England. |
| Source of heading or term | BUEsh |
| 9 (RLIN) | 23175 |
| 651 ## - SUBJECT ADDED ENTRY--GEOGRAPHIC NAME | |
| Source of heading or term | BUEsh |
| 653 ## - INDEX TERM--UNCONTROLLED | |
| Resource For college | Law |
| Arrived date list | November2017 |
| 655 #7 - INDEX TERM--GENRE/FORM | |
| Genre/form data or focus term | Casebooks. |
| Source of term | lcgft |
| Form subdivision | Text book |
| 856 4# - ELECTRONIC LOCATION AND ACCESS | |
| Logon | Online resource center : |
| Uniform Resource Identifier | <a href="www.oxfordtextbooks.co.uk/orc/mckendrick7e/">www.oxfordtextbooks.co.uk/orc/mckendrick7e/</a> |
| 942 ## - ADDED ENTRY ELEMENTS (KOHA) | |
| Source of classification or shelving scheme | Dewey Decimal Classification |
| Withdrawn status | Item status | Source of classification or shelving scheme | Damaged status | Not for loan | Vendor | Home library | Current library | Shelving location | Date acquired | Source of acquisition | Cost, normal purchase price | Total Checkouts | Full call number | Barcode | Date last seen | Koha item type | Total Renewals | Date last borrowed |
|---|---|---|---|---|---|---|---|---|---|---|---|---|---|---|---|---|---|---|
| Dewey Decimal Classification | Baccah | Central Library | Central Library | First floor | 16/11/2017 | Purchase | 1050.00 | 346.42022 MCK | 000046871 | 15/07/2025 | NB - Book (Non borrowing) | |||||||
| Dewey Decimal Classification | Baccah | Central Library | Central Library | First floor | 16/11/2017 | Purchase | 1050.00 | 7 | 346.42022 MCK | 000046872 | 15/07/2025 | Book - Borrowing | 4 | 06/12/2020 | ||||
| Dewey Decimal Classification | Baccah | Central Library | Central Library | First floor | 16/11/2017 | Purchase | 5 | 346.42022 MCK | 000046873 | 26/11/2025 | Book - Borrowing | 4 | 19/11/2025 | |||||
| Dewey Decimal Classification | Baccah | Central Library | Central Library | First floor | 16/11/2017 | Purchase | 4 | 346.42022 MCK | 000046874 | 15/07/2025 | Book - Borrowing | 5 | 25/09/2024 |